000 01202 a2200241 4500
001 49279
005 20260407155756.0
008 260407a2018 arg spa d
003 AR-UNSa-BCEJYS
040 _aAR-UNSa-BCEJYS
_bspa
_cAR-UNSa-BCEJYS
080 _a336.226
_xTipos de impuestos. Impuestos directos e indirectos
245 1 0 _aImpuesto sobre los bienes personales
020 _a978-987-01-2257-9
250 _a2a. ed.
264 1 _aBuenos Aires :
_bErrepar
_c2018
300 _axix, 393 p.
_c21 cm.
505 _aParte I: IMPOSICIÓN SOBRE EL PATRIMONIO: 1. Conceptos generales - 2. La imposición sobre el patrimonio de las empresas - 3. La imposición sobre el patrimonio de las personas físicas - - Parte II: EL IMPUESTO SOBRE LOS BIENES PERSONALES: 4. Características del impuesto - 5. Objeto del impuesto - 6. Sujetos - 7. Exenciones - 8. Base imponible - 9. Normas de declaración e ingreso del gravámen - 10. Responsable sustituto - 11. Casos prácticos
041 _aspa
942 _cBK
590 _aniveau_biblio:m niveau_hierar:0
100 1 _aGebhardt, Jorge
856 4 1 _uhttps://www.biblioeco.unsa.edu.ar/pmb/images/libros/L127922.jpg
_yImagen de portada
_qimage/jpeg
999 _c4789
_d4789